000 00972nam a22003377a 4500
001 16121
003 DO-SdBNP
005 20180222101346.0
007 16121
008 911204s1989 sp a spa
016 7 _a
_2BPSMU
017 _a
_b
020 _a8477233130
_z
035 _a
040 _aBPMSU
_bspa
_cBPMSU
_e
041 1 _aspa
_h
080 0 _a
082 4 _axxx
_bxxxx
100 1 _aMontgomery, R. A.
240 1 _aThe owl tree
245 1 3 _aEl árbol de los búhos /
_cR.A. Montgomery ; ilustraciones Leslie Morrill ; traducción Laura Landman
260 _aBarcelona :
_bTimun Mas,
_c1989.
300 _a50 p.;
_bil.:
_c20 cm.
490 1 _aElige tu propia aventura - globo azul
_v33
700 1 _aMorrill, Leslie
_eilustración
700 1 _aLandman, Laura
_etrad.
830 0 _aElige tu propia aventura - globo azul
_v33
942 _2ddc
_cBK
945 _aInventariado, 2018/ YL
956 _aVMATEO
_210
_320151123
_6BPMSU
_800151
999 _c8874
_d8874